00000000cam 2200000zi 4500
0019.961886
003CaOODSP
00520260605133119
006m     o  d f      
007cr cn ||||||||
008260413t20252025onc     o    f000 0 eng d
020 |a9780660995335
040 |aCaOODSP|beng|erda|cCaOODSP
043 |an-cn---
0861 |aBT43-208/2026E-PDF
24500|aFunding of the public service pension plan.
264 1|aOttawa, Ontario : |bTreasury Board of Canada Secretariat = Secrétariat du Conseil du trésor du Canada, |c2025.
264 4|c©2025
300 |a1 online resource (7 pages)
336 |atext|btxt|2rdacontent
337 |acomputer|bc|2rdamedia
338 |aonline resource|bcr|2rdacarrier
500 |aIssued also in French under title: Financement du régime de retraite de la fonction publique.
500 |a"Published: 2025-12-15."
650 0|aCivil service|zCanada|xPensions.
7101 |aCanada. |bTreasury Board, |eissuing body.
77508|tFinancement du régime de retraite de la fonction publique.|w(CaOODSP)9.961885
85640|qPDF|s880 KB|uhttps://publications.gc.ca/collections/collection_2026/sct-tbs/BT43-208-2026-eng.pdf
8564 |qHTML|sN/A|uhttps://www.canada.ca/en/treasury-board-secretariat/services/pension-plan/plan-information/pension-plan-funding-investments-accounting-reporting.html